Statistics for Full 2020 NFL Draft

Click here to take the quiz!

General Stats

  • This quiz has been taken 60 times
  • The average score is 93 of 255

Answer Stats

PickTeamCollegePositionAnswer% Correct
1Cincinnati BengalsLSUQBJoe Burrow
100%
2Washington RedskinsOhio StDEChase Young
98%
5Miami DolphinsAlabamaQBTua Tagovailoa
98%
17Dallas CowboysOklahomaWRCeeDee Lamb
95%
6Los Angeles ChargersOregonQBJustin Herbert
93%
22Minnesota VikingsLSUWRJustin Jefferson
93%
18Miami DolphinsUSCOTAustin Jackson
90%
183New York GiantsPenn StLBCam Brown
90%
243Tennessee TitansMarshallCBChris Jackson
90%
239Buffalo BillsPittsburghDBDane Jackson
90%
7Carolina PanthersAuburnDTDerrick Brown
90%
8Arizona CardinalsClemsonOLBIsaiah Simmons
90%
75Detroit LionsOhio StGJonah Jackson
90%
26Green Bay PackersUtah StQBJordan Love
90%
57Los Angeles RamsFloridaWRVan Jefferson
90%
4New York GiantsGeorgiaOTAndrew Thomas
88%
157Jacksonville JaguarsAuburnSDaniel Thomas
88%
12Las Vegas RaidersAlabamaWRHenry Ruggs III
88%
10Cleveland BrownsAlabamaOTJedrick Wills Jr
88%
15Denver BroncosAlabamaWRJerry Jeudy
88%
227Chicago BearsTennessee StOTLachavious Simmons
88%
165Jacksonville JaguarsTexasWRCollin Johnson
86%
50Chicago BearsUtahCBJaylon Johnson
86%
13Tampa Bay BuccaneersIowaOTTristan Wirfs
86%
161Tampa Bay BuccaneersMinnesotaWRTyler Johnson
86%
21Philadelphia EaglesTCUWRJalen Reagor
83%
3Detroit LionsOhio StCBJeffery Okudah
83%
28Baltimore RavensLSUILBPatrick Queen
83%
9Jacksonville JaguarsFloridaCBC.J. Henderson
81%
48Seattle SeahawksTennesseeDEDarrell Taylor
81%
103Philadelphia EaglesColoradoOLBDavion Taylor
81%
41Indianapolis ColtsWisconsinRBJonathan Taylor
81%
16Atlanta FalconsClemsonCBA.J. Terrell
79%
35Detroit LionsGeorgiaRBD'Andre Swift
79%
14San Francisco 49ersSouth CarolinaDTJavon Kinlaw
79%
11New York JetsLouisvilleOTMekhi Becton
79%
25San Francisco 49ersArizona StWRBrandon Aiyuk
76%
81Las Vegas RaidersSouth CarolinaWRBryan Edwards
76%
32Kansas City ChiefsLSURBClyde Edwards-Helaire
76%
187Cleveland BrownsMichiganWRDonovan Peoples-Jones
76%
70Miami DolphinsTexasSBrandon Jones
74%
24New Orleans SaintsMichiganC/GCesar Ruiz
74%
43Chicago BearsNotre DameTECole Kmet
74%
53Philadelphia EaglesOklahomaQBJalen Hurts
74%
72Arizona CardinalsHoustonOTJosh Jones
74%
34Indianapolis ColtsUSCWRMichael Pittman Jr
74%
33Cincinnati BengalsClemsonWRTee Higgins
74%
49Pittsburgh SteelersNotre DameWRChase Claypool
71%
23Los Angeles ChargersOklahomaILBKenneth Murray
71%
59New York JetsBaylorWRDenzel Mims
69%
52Los Angeles RamsFlorida StRBCam Akers
67%
19Las Vegas RaidersOhio StDBDamon Arnette
67%
29Tennessee TitansGeorgiaOTIsaiah Wilson
67%
46Denver BroncosPenn StWRK.J. Hamler
67%
65Cincinnati BengalsWyomingILBLogan Wilson
64%
198Pittsburgh SteelersMarylandSAntoine Brooks
62%
55Baltimore RavensOhio StRBJ.K. Dobbins
62%
27Seattle SeahawksTexas TechILBJordyn Brooks
62%
20Jacksonville JaguarsLSUEDGEK'Lavon Chaisson
62%
51Dallas CowboysAlabamaCBTrevon Diggs
62%
62Green Bay PackersBoston CollegeRBA.J. Dillon
60%
229Washington RedskinsNC StateDEJames Smith-Williams
60%
45Tampa Bay BuccaneersMinnesotaSAntoine Winfield Jr
57%
66Washington RedskinsMemphisRB/WRAntonio Gibson
57%
68New York JetsCalSAshtyn Davis
57%
232Pittsburgh SteelersNebraskaDTCarlos Davis
57%
128Buffalo BillsUCFWRGabriel Davis
57%
44Cleveland BrownsLSUSGrant Delpit
57%
31Minnesota VikingsTCUCBJeff Gladney
57%
194Tampa Bay BuccaneersNebraskaDTKhalil Davis
57%
42Jacksonville JaguarsColoradoWRLaviska Shenault
57%
30Miami DolphinsAuburnCBNoah Igbinoghene
57%
56Miami DolphinsAlabamaDTRaekwon Davis
57%
206Jacksonville JaguarsGeorgia TechTETyler Davis
57%
36New York GiantsAlabamaSXavier McKinney
57%
86Buffalo BillsUtahRBZack Moss
57%
37New England PatriotsLenoir-RhyneSKyle Dugger
55%
64Carolina PanthersSouthern IllinoisSJeremy Chinn
52%
38Carolina PanthersPenn StDEYetur Gross-Matos
52%
63Kansas City ChiefsMississippi StILBWillie Gay Jr
50%
148Seattle SeahawksSyracuseDEAlton Robinson
48%
69Seattle SeahawksLSUGDamien Lewis
48%
152Carolina PanthersWest VirginiaSKenny Robinson
48%
61Tennessee TitansLSUCBKristian Fulton
48%
123Dallas CowboysTulsaCBReggie Robinson
48%
84Los Angeles RamsAlabamaOLBTerrell Lewis
48%
54Buffalo BillsIowaDEA.J. Epenesa
45%
39Miami DolphinsLouisianaOGRobert Hunt
45%
167Buffalo BillsGeorgiaQBJacob Fromm
43%
76Tampa Bay BuccaneersVanderbiltRBKe'Shawn Vaughn
43%
40Houston TexansTCUDTRoss Blacklock
43%
74New Orleans SaintsWisconsinOLBZach Baun
43%
91New England PatriotsUCLATEDevin Asiasi
40%
160Cleveland BrownsWashingtonCNick Harris
40%
92Baltimore RavensTexasWRDevin Duvernay
38%
122Indianapolis ColtsWashingtonQBJacob Eason
38%
60New England PatriotsMichiganOLBJohn Uche
38%
220Los Angeles ChargersOhio StWRK.J. Hill
38%
47Atlanta FalconsAuburnDLMarlon Davidson
38%
93Tennessee TitansAppalachian StateRBDarrynton Evans
36%
115Cleveland BrownsFlorida AtlanticTEHarrison Bryant
36%
105New Orleans SaintsDaytonTEAdam Trautman
33%
89Minnesota VikingsMississippi StCBCameron Dantzler
33%
58Minnesota VikingsBoise StOTEzra Cleveland
33%
112Los Angeles ChargersUCLARBJoshua Kelley
33%
80Las Vegas RaidersKentuckyWR/RBLynn Bowden
33%
98Baltimore RavensOhio StILBMalik Harrison
33%
252Denver BroncosFloridaWRTyrie Cleveland
33%
139Las Vegas RaidersLouisiana TechCBAmik Robertson
31%
124Pittsburgh SteelersMarylandRBAnthony McFarland Jr
31%
144Seattle SeahawksMiami (FL)RBDeeJay Dallas
31%
67Detroit LionsNotre DameEDGEJulian Okwara
31%
82Dallas CowboysOklahomaDTNeville Gallimore
31%
118Denver BroncosMissouriTEAlbert Okwuegbunam
29%
102Pittsburgh SteelersCharlotteEDGEAlex Highsmith
29%
87New England PatriotsAlabamaOLBAnfernee Jennings
29%
217San Francisco 49ersTennesseeWRJauan Jennings
29%
83Denver BroncosLSUCLloyd Cushenberry
29%
100Las Vegas RaidersClemsonILBTanner Muse
29%
142Washington RedskinsLibertyWRAntonio Gandy-Golden
26%
158New York JetsVirginiaCBBryce Hall
26%
173Chicago BearsTulaneWRDarnell Mooney
26%
97Cleveland BrownsLSUILBJacob Phillips
26%
85Indianapolis ColtsUtahSJulian Blackmon
26%
166Detroit LionsWisconsinWRQuintez Cephus
26%
106Baltimore RavensMississippi StOGTyre Phillips
26%
231Dallas CowboysJames MadisonQBBen DiNucci
24%
224Tennessee TitansHawaiiQBCole McDonald
24%
101New England PatriotsVirginia TechTEDalton Keene
24%
125New York JetsFlorida InternationalQBJames Morgan
24%
109Las Vegas RaidersClemsonOGJohn Simpson
24%
94Green Bay PackersCincinnatiTEJosiah Deguara
24%
127Philadelphia EaglesClemsonSK'Von Wallace
24%
120New York JetsFloridaRBLa'Mical Perine
24%
78Atlanta FalconsTempleOCMatt Hennessy
24%
99New York GiantsUConnOTMatt Peart
24%
188Buffalo BillsGeorgia SouthernKTyler Bass
24%
146Dallas CowboysWisconsinCTyler Biadasz
24%
116Jacksonville JaguarsSt John's (MN)OTBen Bartch
21%
189Jacksonville JaguarsOregon StQBJake Luton
21%
90Houston TexansFloridaOLBJonathan Greenard
21%
71Baltimore RavensTexas A&MDTJustin Madubuike
21%
159New England PatriotsMarshallKJustin Rohrwasser
21%
96Kansas City ChiefsTCUOTLucas Niang
21%
182New England PatriotsMichiganOGMichael Onwenu
21%
119Atlanta FalconsFresno StILBMykal Walker
21%
200Philadelphia EaglesSouthern MissWRQuez Watkins
21%
255New York GiantsGeorgiaLBTae Crowder
21%
104Los Angeles RamsUtahSTerrell Burgess
21%
107Cincinnati BengalsAppalachian StateOLBAkeem Davis-Gaither
19%
129New York JetsCharlotteOTCameron Clark
19%
110New York GiantsUCLACBDarnay Holmes
19%
73Jacksonville JaguarsOhio StDTDaVon Hamilton
19%
211Indianapolis ColtsUMassCBIsaiah Rodgers
19%
151Los Angeles ChargersVirginiaWRJoe Reed
19%
175Green Bay PackersMinnesotaLBKamal Martin
19%
131Arizona CardinalsLSUDTRashard Lawrence
19%
108Washington RedskinsLSUOTSaahdiq Charles
19%
150New York GiantsOregonOGShane Lemieux
19%
132Minnesota VikingsOregonLBTroy Dye
19%
133Seattle SeahawksStanfordTEColby Parkinson
17%
117Minnesota VikingsSouth CarolinaDED.J. Wonnum
17%
79New York JetsFloridaDEJabari Zuniga
17%
168Philadelphia EaglesBoise StWRJohn Hightower
17%
192Green Bay PackersMichiganOGJon Runyan Jr.
17%
199Los Angeles RamsOhio StSJordan Fuller
17%
114Arizona CardinalsUtahDTLeki Fotu
17%
215Cincinnati BengalsPurdueLBMarkus Bailey
17%
111Miami DolphinsGeorgiaOGSoloman Kindley
17%
240New Orleans SaintsMississippi StQBTommy Stevens
17%
113Carolina PanthersNotre DameCBTroy Pride
17%
191New York JetsTexas A&MPBraden Mann
14%
136Los Angeles RamsPurdueTEBrycen Hopkins
14%
222Arizona CardinalsArizona StRBEno Benjamin
14%
130Minnesota VikingsBaylorDTJames Lynch
14%
201Baltimore RavensSMUWRJames Proche
14%
172Detroit LionsNew Mexico StRBJason Huntley
14%
141Houston TexansPenn StCBJohn Reid
14%
216Washington RedskinsArkansasSSKamren Curl
14%
147Cincinnati BengalsNotre DameDEKhalid Kareem
14%
138Kansas City ChiefsLouisiana TechSL'Jarius Sneed
14%
246Miami DolphinsNavyRB/WRMalcolm Perry
14%
95Denver BroncosArkansasDTMcTelvin Agim
14%
77Denver BroncosIowaDBMichael Ojemudia
14%
244Minnesota VikingsIowaQBNate Stanley
14%
140Jacksonville JaguarsMiami (FL)ILBShaquille Quarterman
14%
185Miami DolphinsLSULSBlake Ferguson
12%
179Dallas CowboysUtahDEBradlee Anae
12%
249Minnesota VikingsMississippi StOLBBrian Cole II
12%
170Baltimore RavensTexas TechDTBroderick Washington Jr.
12%
218New York GiantsMinnestoaOLBCarter Coughlin
12%
126Houston TexansNorth CarolinaOTCharlie Heck
12%
190San Francisco 49ersGeorgiaTECharlie Woerner
12%
247New York GiantsMinnesotaCBChris Williamson
12%
164Miami DolphinsBoise StDECurtis Weaver
12%
202Arizona CardinalsCalILBEvan Weaver
12%
219Baltimore RavensIowaSSGeno Stone
12%
171Houston TexansRhode IslandWRIsaiah Coulter
12%
207Buffalo BillsOregon StWRIsaiah Hodgins
12%
134Atlanta FalconsCalSJaylinn Hawkins
12%
88Cleveland BrownsMissouriDTJordan Elliott
12%
135Pittsburgh SteelersLouisianaOGKevin Dotson
12%
163Chicago BearsGeorgia SouthernCBKindle Vildor
12%
176Minnesota VikingsMiami (FL)WRK.J. Osborn
12%
210Philadelphia EaglesAuburnOTPrince Tega Wanogho
12%
251Seattle SeahawksLSUTEStephen Sullivan
12%
186Los Angeles ChargersNotre DameSAlohi Gilman
10%
184Carolina PanthersBaylorDTBravvion Roy
10%
204New England PatriotsWyomingLBCassh Maluia
10%
212Indianapolis ColtsWashington StWRDezmon Patmon
10%
214Seattle SeahawksFloridaWRFreddie Swain
10%
180Cincinnati BengalsKansasOTHakeem Adeniji
10%
145Philadelphia EaglesAuburnOGJack Driscoll
10%
154Miami DolphinsNorth CarolinaDEJason Strowbridge
10%
197Detroit LionsUtahDTJohn Penisini
10%
225Minnesota VikingsMichigan StDEKenny Willekes
10%
162Washington RedskinsMichiganOLBKhaleke Hudson
10%
181Denver BroncosFresno StOGNetane Muti
10%
248Los Angeles RamsMiami (OH)KSam Sloman
10%
155Chicago BearsTulsaOLBTrevis Gipson
10%
143Baltimore RavensMichiganOGBen Bredeson
7%
233Philadelphia EaglesStanfordOLBCasey Toohill
7%
230New England PatriotsMemphisCDustin Woodard
7%
213Indianapolis ColtsMichiganOLBJordan Glasgow
7%
205Minnesota VikingsMichiganSJosh Metellus
7%
137Jacksonville JaguarsMichigan StCBJosiah Scott
7%
178Denver BroncosWake ForestILBJustin Strnad
7%
174Tennessee TitansNC StateDTLarrell Murchison
7%
121Detroit LionsKentuckyGLogan Sternburg
7%
177Kansas City ChiefsMichiganDEMike Danna
7%
245Tampa Bay BuccaneersLouisianaRBRaymond Calais
7%
196Philadelphia EaglesTempleLBShaun Bradley
7%
238New York GiantsSouth CarolinaOLBT.J. Brunson
7%
250Los Angeles RamsClemsonOGTremayne Anchrum
7%
236Green Bay PackersTCUFSVernon Scott
7%
226Chicago BearsColoradoOGArlington Hambright
5%
234Los Angeles RamsBaylorLBClay Johnston
5%
153San Francisco 49ersWest VirginiaOTColton McKivitz
5%
149Indianapolis ColtsBall StateOGDanny Pinter
5%
254Denver BroncosNorth Dakota StDEDerrek Tuszka
5%
169Minnesota VikingsTempleCBHarrison Hand
5%
208Green Bay PackersOregonOCJake Hanson
5%
242Green Bay PackersMiami (FL)DEJonathan Garvin
5%
195New England PatriotsWake ForestOTJustin Herron
5%
156Washington RedskinsSan Diego StCKeith Ismael
5%
253Minnesota VikingsWashburnOCKyle Hinton
5%
193Indianapolis ColtsPenn StDTRobert Windsor
5%
209Green Bay PackersIndianaOGSimon Stepaniak
5%
221Carolina PanthersFlorida InternationalCBStantley Thomas-Oliver
5%
228Atlanta FalconsSyracusePSterling Hofrichter
5%
237Kansas City ChiefsTulaneCBThakarius Keyes
5%
203Minnesota VikingsOregon StOTBlake Brandel
2%
241Tampa Bay BuccaneersTempleOLBChapelle Russell
2%
223Jacksonville JaguarsMemphisCBChris Claybrooks
2%
235Detroit LionsOhio StDTJashon Cornell
2%

Score Distribution

Percentile by Number Answered

Percent of People with Each Score

Your Score History

You have not taken this quiz